Sports Quiz

Random Sports or MLB Quiz

Opening Day Lineups: Brewers Quiz Stats

 Plays Quiz Updated Apr 4, 2019

Score 0/268 Timer 17:00
1 Play Today
Year Player % Correct
2009Ryan Braun
94%
2008Ryan Braun
94%
2011Ryan Braun
93.9%
2012Ryan Braun
93.9%
2013Ryan Braun
93.7%
2009Prince Fielder
93.5%
2008Prince Fielder
93.5%
2007Prince Fielder
93.5%
2006Prince Fielder
93.5%
2014Ryan Braun
93.2%
2015Ryan Braun
92.6%
2010Ryan Braun
92.5%
2010Prince Fielder
92%
2016Ryan Braun
91.8%
2017Ryan Braun
90.6%
2011Prince Fielder
89.6%
2018Ryan Braun
88.6%
2019Ryan Braun
88.1%
2019Christian Yelich
82.6%
2009Rickie Weeks
80.1%
2008Rickie Weeks
80.1%
2007Rickie Weeks
80.1%
2006Rickie Weeks
80.1%
2010Rickie Weeks
79.2%
1992Robin Yount
79.1%
1991Robin Yount
79.1%
1993Robin Yount
79.1%
2011Rickie Weeks
76.8%
2012Rickie Weeks
76.8%
2013Rickie Weeks
76.1%
2019Lorenzo Cain
75%
2018Christian Yelich
74.3%
2008Ben Sheets
74%
2007Ben Sheets
74%
2005Ben Sheets
74%
2004Ben Sheets
74%
2003Ben Sheets
74%
2002Ben Sheets
74%
2014Jonathan Lucroy
73.1%
1992Paul Molitor
72.5%
1991Paul Molitor
72.5%
2015Jonathan Lucroy
72.4%
2012Aramis Ramirez
71.9%
2013Aramis Ramirez
71.9%
2013Jonathan Lucroy
71.7%
2016Jonathan Lucroy
71.4%
2013Carlos Gomez
71.2%
2011Carlos Gomez
71.1%
2012Carlos Gomez
71.1%
2012Jonathan Lucroy
70.9%
2014Aramiz Ramirez
70.6%
2014Carlos Gomez
70.5%
2009Corey Hart
70.5%
2008Corey Hart
70.5%
2007Corey Hart
70.5%
2018Lorenzo Cain
69.5%
2015Aramis Ramirez
68.6%
2015Carlos Gomez
67.8%
2011Yovani Gallardo
67.6%
2012Yovani Gallardo
67.6%
2010Yovani Gallardo
67.3%
2013Yovani Gallardo
67.1%
2019Travis Shaw
66.4%
2019Mike Moustakas
66%
2014Yovani Gallardo
65.7%
2012Corey Hart
65.4%
2018Travis Shaw
63.7%
2010Carlos Gomez
63.3%
2009J.J. Hardy
63.2%
2008J.J. Hardy
63.2%
2007J.J. Hardy
63.2%
2006J.J. Hardy
63.2%
2005J.J. Hardy
63.2%
2019Jesus Aguilar
61.3%
2003Richie Sexson
61.1%
2002Richie Sexson
61.1%
2001Richie Sexson
61.1%
2014Khris Davis
60.1%
2017Travis Shaw
59.9%
2017Eric Thames
59.4%
1999Geoff Jenkins
59.4%
2007Geoff Jenkins
59.4%
2006Geoff Jenkins
59.4%
2005Geoff Jenkins
59.4%
2004Geoff Jenkins
59.4%
2002Geoff Jenkins
59.4%
2001Geoff Jenkins
59.4%
2000Geoff Jenkins
59.4%
2015Khris Davis
58.2%
2019Yasmani Grandal
58%
Year Player % Correct
2019Orlando Arcia
57.9%
2018Chase Anderson
55.8%
2018Orlando Arcia
54.5%
2017Domingo Santana
54.4%
2018Domingo Santana
54.4%
2012Alex Gonzalez
54%
2009Bill Hall
53.7%
2008Bill Hall
53.7%
2007Bill Hall
53.7%
2006Bill Hall
53.7%
2013Alex Gonzalez
53.4%
2013Jean Segura
53.4%
2014Jean Segura
53%
2009Jason Kendall
52.9%
2008Jason Kendall
52.9%
2017Jonathan Villar
52.2%
2017Orlando Arcia
51.8%
2001Jeromy Burnitz
51.7%
2000Jeromy Burnitz
51.7%
1999Jeromy Burnitz
51.7%
1998Jeromy Burnitz
51.7%
1997Jeromy Burnitz
51.7%
2016Jonathan Villar
51.1%
2016Chris Carter
51.1%
2006Doug Davis
50.8%
2015Jean Segura
50.5%
2016Domingo Santana
50.1%
2014Lyle Overbay
50.1%
2018Jonathan Villar
49.2%
2009Mike Cameron
48.8%
2006Carlos Lee
48.3%
2005Carlos Lee
48.3%
2019Jhoulys Chacin
48.1%
2014Scooter Gennett
47.9%
2015Scotter Gennett
47%
1996Greg Vaughn
46.5%
1995Greg Vaughn
46.5%
1994Greg Vaughn
46.5%
1993Greg Vaughn
46.5%
1992Greg Vaughn
46.5%
2010Casey McGehee
46.1%
2016Scooter Gennett
45.9%
2018Manny Pina
45.6%
2017Keon Broxton
45.2%
2002Jose Hernandez
45.1%
2001Jose Hernandez
45.1%
2000Jose Hernandez
45.1%
2010Alcides Escobar
45%
2007Craig Counsell
44.3%
2004Craig Counsell
44.3%
2005Lyle Overbay
43.6%
2004Lyle Overbay
43.6%
2011Casey McGehee
42.5%
1991Gary Sheffield
42.4%
2016Keon Broxton
41.9%
2006Damian Miller
41.7%
2013Norichika Aoki
41.1%
2015Adam Lind
40.8%
2016Aaron Hill
40.5%
2005Jeff Cirillo
40.4%
1999Jeff Cirillo
40.4%
1998Jeff Cirillo
40.4%
1997Jeff Cirillo
40.4%
1996Jeff Cirillo
40.4%
1998John Jaha
39.6%
1997John Jaha
39.6%
1996John Jaha
39.6%
1995John Jaha
39.6%
1994John Jaha
39.6%
1993John Jaha
39.6%
2003Eric Young
38.9%
2002Eric Young
38.9%
1999Fernando Vina
38.7%
1998Fernando Vina
38.7%
1997Fernando Vina
38.7%
1993B.J. Surhoff
38.5%
1992B.J. Surhoff
38.5%
1991B.J. Surhoff
38.5%
2011Yuniesky Betancourt
37.9%
1997Gerald Williams
37.8%
2015Kyle Lohse
37.5%
2009Jeff Suppan
37.1%
2016Wily Peralta
35.4%
1996Pat Listach
35.3%
1995Pat Listach
35.3%
1993Pat Listach
35.3%
2017Junior Guerra
34.8%
2004Scott Podsednik
34.5%
2010Jim Edmonds
34.2%
2017Jett Bandy
34.2%
Year Player % Correct
2006Brady Clark
33.3%
2005Brady Clark
33.3%
2012Mat Gamel
32.9%
1992Jim Gantner
32.5%
1991Jim Gantner
32.5%
1995Daryl Hamilton
32.2%
1994Daryl Hamilton
32.2%
1993Daryl Hamilton
32.2%
1992Daryl Hamilton
32.2%
2003Alex Sanchez
32%
2002Alex Sanchez
32%
2010Gregg Zaun
31.8%
1998Jose Valentin
31.2%
1997Jose Valentin
31.2%
1996Jose Valentin
31.2%
1995Jose Valentin
31.2%
2000Marquis Grissom
30.6%
1999Marquis Grissom
30.6%
1998Marquis Grissom
30.6%
2007Johnny Estrada
29.9%
1999David Nilsson
29.4%
1997David Nilsson
29.4%
1994David Nilsson
29.4%
2003Eddie Perez
29.1%
2005Junior Spivey
27.8%
2004Junior Spivey
27.8%
2000Mark Loretta
27.3%
1999Mark Loretta
27.3%
1996Kevin Seitzer
26.7%
1995Kevin Seitzer
26.7%
1994Kevin Seitzer
26.7%
1992Kevin Seitzer
26.7%
1998Cal Eldred
26.5%
1994Cal Eldred
26.5%
2003Jeffrey Hammonds
25.6%
2002Jeffrey Hammonds
25.6%
2001Jeffrey Hammonds
25.6%
2008Tony Gwynn, Jr.
25.4%
1998Mike Matheny
24.3%
1997Mike Matheny
24.3%
1996Mike Matheny
24.3%
2011Mark Kotsay
24.2%
2005Chad Moeller
23.8%
2004Chad Moeller
23.8%
2001Ron Belliard
23.6%
2000Ron Belliard
23.6%
2001Henry Blanco
22.8%
2000Henry Blanco
22.8%
1996Ricky Bones
22.5%
1995Ricky Bones
22.5%
2011Wil Nieves
22.2%
2004Wes Helms
22.1%
2003Wes Helms
22.1%
1993Bill Wegman
21%
1992Bill Wegman
21%
2003Royce Clayton
20.8%
1991Dante Bichette
20.8%
1997Ben McDonald
20.2%
1991Candy Maldonado
19.4%
1992Franklin Stubbs
18.8%
1991Franklin Stubbs
18.8%
1994Bill Spiers
18.7%
1991Bill Spiers
18.7%
2002Tyler Houston
17.3%
2001Tyler Houston
17.3%
1994Jody Reed
16.8%
1997Chuck Carr
16.5%
1996Chuck Carr
16.5%
2001Jamey Wright
16.3%
1994Alex Diaz
16%
1995Turner Ward
16%
1994Turner Ward
16%
1996Matt Mieske
15.3%
1999Sean Berry
15.2%
2004Ben Grieve
15.1%
1995Joe Oliver
14.4%
1995Derrick May
14.3%
1993Tom Brunansky
13.9%
1992Scott Fletcher
13.8%
2000Steve Woodard
13.7%
2003John Vanderwal
13.6%
2002Raul Casanova
13%
1999Rafael Roque
12.6%
1993Dickie Thon
12.1%
1998Marc Newfield
11.8%
1991Mark Knudson
11.6%
1993Joe Kmak
11.3%
2000Kevin Barker
11.3%

You're not logged in!

Compare scores with friends on all Sporcle quizzes.
OR
Log In

Sporcle TV

Today on Sporcle TV


Watch our educational content, quiz creation guides, and fun videos on Sporcle TV.

Show Comments

Extras

Top Quizzes Today


Score Distribution

Your Account Isn't Verified!

In order to create a playlist on Sporcle, you need to verify the email address you used during registration. Go to your Sporcle Settings to finish the process.

Report this User

Report this user for behavior that violates our Community Guidelines.

Details: